=LDR 00000nam 2200000 4500 =001 INLIS000000000047561 =005 20241218103219 =035 ##$$a 0010-011600000000019 =008 241218################g##########0#ind## =082 ##$$a 342.05 =090 ##$$a 342.05 $b Ind h =100 ##$$a Indonesia. Majelis Permusyawaratan Rakyat =245 1#$$a Himpunan ketetapan MPRS dan MPR RI berdasarkan ketetapan MPR RI nomor 1/MPR/2003 pasal 2 dan pasal 4 /$c Majelis Permusyawaratan Rakyat RI =260 ##$$a Jakarta :$b Sekjen MPR RI,$c 2005 =300 ##$$a 131 hlm, ; $c 23 x 16 cm. =650 #4$$a Majelis Permusyawaratan Rakyat =850 ##$$a NBPDMAT =084 ##$$a 342.05 IND h =990 ##$$a 0146/BPAP-NTB/2016 =990 ##$$a 31500656